00872nam a2200193Ia 4500003000900000008004100009020001800050040001600068080002300084111011100107245025700218260004200475300001400517490005100531650001200582650002200594650002800616700003400644IN-BaIIA211028s9999 xx 000 0 eng d a90-277-2517-9 cIIA Library a52(082.1)bASS-135 aWorkshop on Planetary and Proto-Planetary Nebulae, from IRAS to ISOcVulcano Island, Italyd1986 Sep. 8-12 0aPlanetary and proto-planetary nebulaebproceedings of the Frascati workshop on planetary and proto-planetary nebulae, from IRAS to ISO, held in Vulcano Island, Italy, September 8-12, 1986cedited by Andrea Preite Martinez  aDordrechtbD. Reidel Publishingc1987 axi, 290p. aAstrophysics and space science library; v. 135 aNebulae aPlanetary nebulae aProto-Planetary nebulae aMartinez, Andrea Preite., ed.